• 首页
  • 本馆介绍
  • 公告通知
  • 最新文献
  • 馆藏检索
  • 电子资源
  • 读者导购
  • 参考咨询
  • 我的图书馆
  • 登录
  • 详细信息显示
  • 放入我的书架
  • 预约/预借图书
  • 作者相关作品
  • 分类相关作品
  • 丛书相关作品
  • 出版社相关作品

书目信息

  • 表格格式
  • 工作单格式
  • 卡片格式
题名:
水陆两栖人
    
 
作者: Беляев , 别利亚耶夫 著 ;陈冀 译
分册:  
出版信息: 北京   中国青年出版社  1981
页数: 217页
开本: 19cm
丛书名:
单 册:
中图分类: I512.4
科图分类: 47.2752
主题词: 文学
电子资源:
ISBN:
000 00709nam2 2200241 45
001 0197009034
005 20060912091522.23
010    @dCNY0.46
100    @a19970407d1981 em y0chiy0121 ea
101 1  @achi@crus
102    @aCN@b130000
105    @af z 000ay
200 10 @a水陆两栖人@Ashui lu liang qi ren@f(苏)亚历山大·别利亚耶夫(Александр Беляев)著@g陈冀等译
210    @a北京@c中国青年出版社@d1981
215    @a217页@d19cm
606 0  @a文学
690    @aI512.4
692    @a47.2752
701 A1 @aБеляев@bАлександр@4著
701  1 @a别利亚耶夫@Abie li ya ye fu@bА.@4著
702  0 @a陈冀@AChen Ji@4译
801  0 @aCN@bNLC@c20060912
905    @f1@b51740@dI512.4@e437
    
    水陆两栖人/(苏)亚历山大·别利亚耶夫(Александр Беляев)著/陈冀等译.-北京:中国青年出版社,1981
    217页;19cm
    
    
    ISBN :CNY0.46
    
●
相关链接 在E读中查询图书 在五车中查询图书 在当当中查询图书 在豆瓣中查询图书


正题名:水陆两栖人     索取号:I512.4/437         预约/预借

序号 登录号 条形码 馆藏地/架位号 状态 备注
1 0051740   001914995   密集书库/ [索取号:I512.4/437] 在馆    
2 0472185   204721854   密集书库/ [索取号:I512.4/437] 在馆    
唐山师范学院图书馆 欢迎您!
大连网信软件有限公司© 版权所有